Statistics for Guess the Taylor Swift Song (no hints) 26

Click here to take the quiz!

General Stats

  • This quiz has been taken 113 times
  • The average score is 226 of 298

Answer Stats

Answer% Correct
a
100%
A
100%
I
99%
in
98%
you
98%
You
98%
an
97%
And
97%
and
97%
it
97%
me
97%
me?
97%
the
97%
your
96%
Where
93%
it's
92%
my
92%
to
92%
that
91%
at
90%
like
90%
on
90%
On
90%
so
90%
of
89%
then
89%
there
89%
When
89%
who
89%
no
88%
Were
88%
were
88%
all
87%
All
87%
by
87%
just
87%
but
85%
was
85%
For
82%
for
82%
think
82%
She
80%
some
79%
One
78%
see?
77%
didn't
76%
isn't
75%
said
75%
time
75%
Time,
75%
Invisible
74%
string
74%
Tying
74%
along
73%
Now
73%
would
73%
their
72%
pretty
71%
read
71%
baby,
70%
our
70%
used
70%
color
68%
down
68%
LA
68%
Green
67%
grass
66%
make
66%
meet
66%
first
65%
Park
65%
shop
65%
somebody
65%
trip
65%
yogurt
65%
Out
64%
Teal
64%
looked
63%
shirt
63%
Centennial
62%
clues
62%
singer
62%
with
62%
work
62%
American
61%
little
61%
money
61%
Ooh
61%
curious
60%
gold
60%
Gold
60%
tied
60%
single
59%
sixteen
58%
bar
57%
dinner
57%
favorite
57%
Gave
57%
gave
57%
signs
57%
thread
57%
Bad
55%
lakes
55%
waitress
55%
blood
54%
fine
54%
healin'
54%
heart
54%
into
54%
mystical
54%
song
54%
spot
54%
year
54%
around
53%
ate
53%
Bold
53%
boys
53%
cab
53%
lunch
53%
open,
53%
three
53%
wire
53%
broke
52%
compasses,
52%
Cuttin'
52%
presents
52%
babies
51%
Hell
51%
pulled
51%
axe
50%
mistakes
50%
barbed
49%
demons,
49%
dive
49%
Getting
49%
pink
49%
right
49%
seasons
49%
send
49%
Cold
47%
grind
47%
past
47%
purple
47%
heaven
46%
showed
46%
skies
46%
Something
46%
brought
45%
cool,
45%
journey
45%
wrapped
45%
Chains
43%
leaves
43%
wrong
43%
blues
42%
steel
41%
arms
39%
brave
39%
wondrous
38%
wool
38%
Hee
25%

Score Distribution

Percentile by Number Answered

Percent of People with Each Score

Your Score History

You have not taken this quiz